000 02025nam0a2200361 4500
001 RU\NLR\bibl\229963
005 20260407071800.0
010 _a5-88595-087-3
_bВ пер.
_9300
021 _aRU
_b2001-50877
_92459
035 _a(NLR Aleph) 000225929
090 _a1314120
_c1314120
100 _a20020129d2001 |||y0rusy50 ca
101 0 _arus
102 _aRU
105 _aa |||||||||
200 1 _aМатериалы I Конференции молодых специалистов нефтяной и геологоразведочной отраслей Ханты-Мансийского автономного округа, г. Нижневартовск, 24-26 окт. 2000 г.
210 _aМ.
_cВНИИОЭНГ
_d2001
215 _a531 с.
_cил.
_d22
300 _aВ надзаг.: Правительство Ханты-Мансийс. авт. окр., Ком. по нефти, газу и минер. ресурсам, ГУП "Науч.-аналит. центр рационал. недропользования" Ханты-Мансийс. авт. окр., ДЗАО "НижневартовскНИПИнефть"
320 _aБиблиогр. в конце докл.
606 0 _aНефть
_jСъезды, совещания и т.п.
_xДобыча
_yХанты-Мансийский автономный округ
_92236054
_3RU\NLR\auth\661341924
606 0 _aГеологоразведочные работы
675 _a622.276(571.122)(082)
_v3
_zrus
686 _a52.13
_2rugasnti
686 _a33.36
_2rubbk
686 _aИ361я431
710 1 2 _aКонференция молодых специалистов нефтяной и геологоразведочной отраслей Ханты-Мансийского автономного округа
_d1
_f2000
_eНижневартовск
_3RU\NLR\AUTH\8810035414
_9569111
801 0 _aRU
_bRKP
_c20020129
_gPSBO
801 1 _aRU
_bRKP
_c20020129
801 2 _aRU
_bNLR
_c20060914
_grcr
942 _cBOOK
980 _aNB